000 00401nam a2200145Ia 4500
008 210210b2006 xxu||||| |||| 00| 0 eng d
020 _a81 8281 054 x
082 _a658.1511 PASA
100 _aPASHA (Mohammed Arif).
245 _aAccounting for managers.
260 _aNew Delhi
_bVrinda Publications Private Limited
_c2006
300 _a1021
690 _aManagement Accounting
906 _a061099
999 _c107952
_d107952